| 000 | 01056nam a2200253Ia 4500 | ||
|---|---|---|---|
| 003 | Ost | ||
| 005 | 20260507075437.0 | ||
| 008 | 260507s9999||||xx |||||||||||||| ||und|| | ||
| 020 | _a9789961522967 | ||
| 040 | _cfsecg | ||
| 041 | _aara | ||
| 082 | _a341.2 | ||
| 100 |
_aسعداوي، سليم _eمؤلف |
||
| 245 | 0 |
_aالجزائر ومنظمة التجارة العالمية : _bمعوقات الانضام وافاقه / _c سليم سعداوي |
|
| 260 |
_aالجزائر: _bدار الخلدونية, _c2008 |
||
| 300 |
_a127 صفحة؛ _bإيضاحات ؛ _c23 سم |
||
| 504 | _aببليوغرافيا: ص.120-124 ملاحق ص.113 | ||
| 520 | _aالتنظيم الدولي الجديد، الجزائر وانضمامها الى المنظمة العالمية للتجارة، انعكاسات انضمام الجزائر الى المنظمة العالمية للتجارة | ||
| 653 | _aالتجارة | ||
| 653 | _aالتنظيم | ||
| 653 | _aالجزائر | ||
| 653 | _aالمنظمات الدولية | ||
| 942 | _cكتاب | ||
| 999 |
_c44548 _d44548 |
||